00926cam a2200253 a 450000100100000000500170001000800410002702000150006804000300008308200240011310000770013724500740021425000110028826000460029930000200034549000260036565000290039165000310042083000350045191000340048604900090052095201280052999900150065700001005420200929161824.0910201s1991 sp 001 p spa  a8487095305 aDO-SdBNPbspacDLCdBNPHU a861.64bP191c, 19911 aPanero, Leopoldo María,d1948-q(Leopoldo María Panero Blanc)92502610aContra España y otros poemas no de amor /cLeopoldo María Panero. a2a ed. aMadrid, (España) :bLibertarias,c1991. a62 p. ;c20 cm.1 aLibros del egoistav5 4aPoesía española9631 4aLiteratura española9632 0aLibros del egoista ;v5925028 aCatalogación por copia / LC aBNGR 001052708MOaGRbGRcCTd2009-10-02iLF1l0o861.64 P191c, 1991p10054-10r2020-06-25w2020-06-25y2ZPréstamo interno c9813d9813